Normal view
MARC view
- Douglass, Bruce Powel
Entry Personal Name
001 - CONTROL NUMBER
- control field: 34948
003 - CONTROL NUMBER IDENTIFIER
- control field: OSt
005 - DATE AND TIME OF LATEST TRANSACTION
- control field: 20140127145633.0
008 - FIXED-LENGTH DATA ELEMENTS
- fixed length control field: 140127|| aca||aabn | a|a d
040 ## - CATALOGING SOURCE
- Original cataloging agency: OSt
100 10 - HEADING--PERSONAL NAME
- Personal name: Douglass, Bruce Powel
400 10 - SEE FROM TRACING--PERSONAL NAME
- Personal name: Douglass, Bruce,
- Dates associated with a name: 1954-